KOHA-Header-6

Verses From The Holy Koran and the Facts of Science (Record no. 9396)

000 -LEADER
fixed length control field 00294nam a2200109Ia 4500
100 ## - MAIN ENTRY--AUTHOR NAME
Personal name Dr.Haluk Nurbaki
245 #0 - TITLE STATEMENT
Title Verses From The Holy Koran and the Facts of Science
260 ## - PUBLICATION, DISTRIBUTION, ETC. (IMPRINT)
Place of publication New Jersey
Name of publisher Prentice Hall
Year of publication 1996
300 ## - PHYSICAL DESCRIPTION
Number of Pages 176
942 ## - ADDED ENTRY ELEMENTS (KOHA)
Koha item type Books
Holdings
Withdrawn status Lost status Collection code Permanent Location Current Location Shelving location Date acquired Full call number Accession Number Koha item type
    Islamic Studies MAJU MAJU   2019-09-14 658.8 5095 Islamic Studies

Powered by Koha